Mirar a Jesús y ver al Hijo de Dios, hecho hombre para nuestra redención. Aportación de J. Ratzinger a la Cristología contemparánea (Record no. 220536)
[ view plain ]
| 000 -CABECERA | |
|---|---|
| Campo de control de longitud fija | 00548naa a22001217u 4500 |
| 008 - CÓDIGOS DE INFORMACIÓN DE LONGITUD FIJA | |
| Campo de control de longitud fija | 130517b2009 xxu||||| |||| 00| 0 spa d |
| 040 ## - FUENTE DE LA CATALOGACIÓN | |
| Centro catalogador del origen | SPA |
| 100 1# - PUNTO DE ACCESO PRINCIPAL-NOMBRE DE PERSONA | |
| Nombre de persona | Vidal Taléns, José |
| 9 (RLIN) | 3712 |
| 245 00 - MENCIÓN DE TÍTULO | |
| Título | Mirar a Jesús y ver al Hijo de Dios, hecho hombre para nuestra redención. Aportación de J. Ratzinger a la Cristología contemparánea |
| 300 ## - DESCRIPCIÓN FÍSICA | |
| Extensión | 67-100 p. |
| Dimensiones | 21 cm |
| 773 0# - ENLACE AL DOCUMENTO FUENTE | |
| Título | El pensamiento de Joseph Ratzinger:Teólogo y Papa |
| Encabezamiento principal | MADRIGAL, Santiago |
| Lugar, editor y fecha de publicación | Madrid,San Pablo,2009, |
| Parte(s) relacionada(s) | págs. 67-100 p. |
| Otro identificador del documento | M.21935-2009 |
| Número Internacional Normalizado para Libros (ISBN) | 978-84-285-3488-8, |
| Número de control del registro relacionado | 85667 |
| 942 ## - ENTRADA DE ELEMENTOS AGREGADOS (KOHA) | |
| Koha [por defecto] tipo de item | Artículo de colaboración |
| Suprimido | Perdido | Estropeado | No para préstamo | Localización permanente | Localización actual | Localización en estantería | Fecha adquisición | Préstamos totales | Signatura completa | Fecha última consulta | Fecha del precio de reemplazo | Tipo de item de Koha |
|---|---|---|---|---|---|---|---|---|---|---|---|---|
| San Esteban | San Esteban | Depósito de libros | 21/05/2013 | 1109 | 21/05/2013 | 21/05/2013 | Artículo de colaboración |
